000 00325nam a22001337a 4500
003 OSt
005 20160727222458.0
008 160705b xxu||||| |||| 00| 0 eng d
100 _92231
_a Norris, G
245 _aA Time for Watching
260 _aN.Y
_b Alfred A Knopf
_c1969
300 _aA Time for Watching
942 _2ddc
_cBK
999 _c1922
_d1922